| 000 | 00641nam a2200205Ia 4500 | ||
|---|---|---|---|
| 001 | 66808 | ||
| 003 | OSt | ||
| 005 | 20160504105006.0 | ||
| 008 | 150514s9999 xx 000 0 und d | ||
| 020 | _aNA | ||
| 040 | _cPK-LaUMT | ||
| 082 |
_a 158.1 _bBYR-K |
||
| 100 | _aByron, Rahonda | ||
| 245 |
_a(کامیابی کا عظیم راز)Kamyabi ka azeem raz (Urdu) _c(بیرون، راہنڈا)(اختر، محمد)Byron, Rahonda|akhtar , Muhammad |
||
| 260 |
_a(لاہور،پاکستان)Lahore,Pakistan: _b(دارالشعور)Dar ul Shaor, _c2013 |
||
| 300 | _a256 p. | ||
| 546 | _aUR | ||
| 700 | _aakhtar , Muhammad | ||
| 942 |
_cBK _2ddc |
||
| 999 |
_c71636 _d71636 |
||